| Поле | Название | Значение |
| |
Тип записи |
a |
| |
Библиографический уровень |
a |
| 001 |
Контрольный номер |
UONB/MAIN/d2c23a0921614518b4bca80f7ab98689 |
| 005 |
Дата корректировки |
20260410151251.1 |
| 100 |
Данные общей обработки |
__ |
| a |
Данные общей обработки |
20260328 ||| 0rusy0189 ca |
| 101 |
Язык документа |
0_ |
| a |
Язык текста |
rus |
| 102 |
Страна публикации |
__ |
| a |
Страна публикации |
RU |
| 200 |
Заглавие и сведения об ответственности |
1_ |
| a |
Заглавие |
Формирование медиаграмотности старших дошкольников как педагогическая проблема |
| f |
Первые сведения об ответственности |
Е. В. Гермогенова |
| d |
Параллельное заглавие |
Developing Media Literacy in Older Preschool Children as a Pedagogical Challenge |
| z |
Язык параллельного заглавия |
eng |
| 203 |
Вид содержания и тип средства |
__ |
| a |
Вид содержания |
Текст |
| c |
Тип средства |
непосредственный |
| 215 |
Физическое описание |
__ |
| c |
Иллюстрации/тип воспроизводства |
ил., табл. |
| 225 |
Серия |
1_ |
| a |
Серия |
Научные исследования |
| 225 |
Серия |
1_ |
| a |
Серия |
Подготовка педагогических кадров |
| 320 |
Библиография |
__ |
| a |
Библиография |
Библиогр.: с. 10 (8 назв.) |
| 330 |
Аннотация |
__ |
| a |
Аннотация |
Дети все раньше начинают взаимодействовать с различными медиаплатформами (телевидение, интернет, видеоигры, социальные сети), что делает необходимым развитие у них навыков критического восприятия и анализа информации. Представлено описание идей, на основе которых возможно формирование медиаграмотности у старших дошкольников в современном информационном обществе. Обоснованы подходы к формированию медиаграмотности у детей старшего дошкольного возраста, уточнены содержательные характеристики понятия "медиаграмотность детей старшего дошкольного возраста". |
| 333 |
Примечание о целевом назначении |
__ |
| a |
Примечание о целевом назначении |
0+ |
| 461 |
Уровень набора |
_0 |
| 1 |
|
2000 |
| a |
|
Дошкольное воспитание |
| 1 |
|
011 |
| a |
|
0012-561X |
| 463 |
Уровень физической единицы |
_0 |
| 1 |
|
2000 |
| a |
|
№ 1 |
| v |
|
С. 4-10 |
| 1 |
|
2101 |
| d |
|
2026 |
| 1 |
|
001UONB/MAIN/90fe6499ba09496fbb99bb4080cff8e6 |
| 606 |
Тематические рубрики |
0_ |
| a |
Основная рубрика |
Образование. Педагогика |
| 606 |
Тематические рубрики |
0_ |
| a |
Основная рубрика |
Дошкольная педагогика |
| 610 |
Ключевые слова |
0_ |
| a |
Ключевые слова |
дошкольники |
| 610 |
Ключевые слова |
0_ |
| a |
Ключевые слова |
дети дошкольного возраста |
| 610 |
Ключевые слова |
0_ |
| a |
Ключевые слова |
медиаграмотность |
| 610 |
Ключевые слова |
0_ |
| a |
Ключевые слова |
образовательная среда |
| 610 |
Ключевые слова |
0_ |
| a |
Ключевые слова |
медиакультура |
| 610 |
Ключевые слова |
0_ |
| a |
Ключевые слова |
дошкольные образовательные организации |
| 610 |
Ключевые слова |
0_ |
| a |
Ключевые слова |
старшие дошкольники |
| 610 |
Ключевые слова |
0_ |
| a |
Ключевые слова |
старший дошкольный возраст |
| 610 |
Ключевые слова |
0_ |
| a |
Ключевые слова |
критическое мышление |
| 610 |
Ключевые слова |
0_ |
| a |
Ключевые слова |
средства массовой коммуникации |
| 610 |
Ключевые слова |
0_ |
| a |
Ключевые слова |
информационное пространство |
| 686 |
Индексы других классификаций |
__ |
| 2 |
Код системы |
rubbk |
| 700 |
Автор |
_1 |
| a |
Фамилия |
Гермогенова |
| b |
Имя (инициалы) |
Е. В. |
| 4 |
Код отношения |
070 |
| c |
Титул (звания) |
руководитель дошкольного отделения |
| g |
Полное личное имя |
Елена Валерьевна |
| p |
Наименование/ адрес организации |
ГБОУ "Академическая гимназия №56 им. М.Б. Пильдес" (г. Санкт-Петербург) |
| 790 |
Имя лица - альтернативная форма |
_1 |
| a |
Имя лица - альтернативная форма |
Germogenova |
| b |
Имя (инициалы) |
E. V. |
| 4 |
Код отношения |
070 |
| 801 |
Источник записи |
_0 |
| a |
Страна |
RU |
| b |
Организация |
Ульяновская ОНБ |
| c |
Дата составления |
20230614 |
| g |
Правила каталогизации |
RCR |
| 801 |
Источник записи |
_1 |
| a |
Страна |
RU |
| b |
Организация |
Ульяновская ОНБ |
| c |
Дата составления |
20230614 |
| g |
Правила каталогизации |
RCR |
| 901 |
Тип документа |
__ |
| t |
Тип документа |
b |
| w |
Контрольный № источника |
UONB/MAIN/90fe6499ba09496fbb99bb4080cff8e6 |